00657nam a2200181 a 4500008004100000020001500041050001500056100001900071245004600090250000800136260003500144300001500179350000900194650001700203995010800220999001700328952013000345071001s1998 ||||||||||||||||| || u a0813399696 aJC 571 Don aDonnelly, Jack10aInternational human rightscJack Donnelly a2nd aColoradobWestview Pressc1998 axvi, 216p. a0.00 0aHUMAN RIGHTS D0.00FCBU-MAIN LIBRARY (Kitwe)H1I0.00M1UAVAILABLEWOct 1, 2007ZMain Library Open Access Collection c47399d47399 00102lcc4070a001b001cMain Library Open Access Collectiond2022-11-30l0oJC 571 Donp39926r2022-11-30w2022-11-30y002